000 00340nam a2200169Ia 4500
100 _aJoji/P
650 _apneumatics
942 _cBK
366 _f25
654 _apneumatics
245 _aPneumatic controls
260 _bWiley India
_c2008
082 _a629.8
_bJOJ
300 _a288
546 _aENGLISH
_cInfo.Tech
999 _c28049
_d28049